Vznik samostatného československa

Bibliographic Details
Main Author: Čada, Václav (Author)
Format: Book
Language:Undetermined
PhysicalDescription:104 s.
Published: Praha Svoboda 1988

MARC

LEADER 00000nam a2200000 a 4500
001 vtls001305323
003 SK-MaSNL
005 20260301151540.0
008 240314s1988 xx 0 und
035 |a SNK000257544 
040 |a SNK  |b slo  |c SNK  |e AACR2 
100 1 |a Čada, Václav  |4 aut  |9 370492 
245 1 0 |a Vznik samostatného československa 
260 |a Praha  |b Svoboda  |c 1988 
300 |a 104 s. 
958 |a OND 
999 |c 786913  |d 788843 
952 |t P60, <04>, [BOOK], {604}  |a SNK  |b SNK  |y VYP  |7 0  |p 17A0101567  |o snkSD 60153 D1  |0 0  |1 0  |4 0  |d 1997-10-04  |l 0  |r 2005-01-02 00:00:00  |w 2026-02-24